Record Player- AJR x Daisy The Great Lyrics - Statistics

General Stats
  • This quiz has been taken 91 times
  • The average score is 214 of 314
Answer Stats
Answer % Correct
i
100%
a
98%
go
95%
in
94%
got
91%
it
91%
my
91%
player
91%
record
91%
so
91%
dyed
89%
hair
89%
the
89%
blue
88%
that
88%
2014
86%
made
86%
out
86%
was
86%
green
84%
seasick
84%
came
83%
of
83%
sort
83%
trees
83%
climbing
81%
an
80%
do
80%
i've
80%
just
80%
like
80%
pretend
80%
when
80%
below
78%
knees
78%
dresses
78%
knees
78%
fall
77%
they
77%
vintage
77%
scraped
75%
them
75%
i'm
73%
not
73%
down
72%
elevator
72%
and
70%
goin'
69%
but
66%
it's
66%
on
66%
ground
61%
for
59%
now
59%
feet
58%
da
56%
doin'
56%
to
56%
doin'
55%
smile
55%
crack
53%
get
53%
while
53%
stay
52%
with
52%
is
50%
famous
48%
nothing
48%
thing
48%
wrong
48%
don't
45%
forever
45%
wanna
45%
spent
44%
ever
42%
guess
42%
am
41%
gotta
41%
simulator
41%
'cause
36%
come
36%
up
36%
you
36%
can
34%
best
33%
day
33%
replay
33%
rewind
33%
a-okay
31%
this
31%
yet
31%
see
30%
today
30%
drink
28%
eyes
28%
finally
28%
think
28%
throw
28%
awake
27%
every
27%
into
27%
phone
27%
applause
25%
good
25%
luck
25%
waves
25%
holdin'
23%
gone
22%
all
20%
sometimes
20%
alive
19%
myself
19%
Monterey
17%
convince
16%
head
16%
i'll
16%
tryin'
13%
No matching quizzes found
Score Distribution
Percent of People with Each Score
Percentile by Number Answered
Your Score History
You have not taken this quiz